Naton jäsenvaltiot - Statistics

Yleistilastot
  • Tätä visaa on pelattu 917 kertaa
    785 viimeisimmän päivityksen jälkeen
  • Keskiarvotulos 28 / 32
Vastaustilastot
Liittyi Valtio % Oikein
2023 Suomi
99%
1949 Yhdysvallat
98%
2024 Ruotsi
97%
1955 Saksa
97%
1949 Norja
96%
2004 Viro
96%
2004 Latvia
95%
2004 Liettua
95%
1949 Ranska
95%
1982 Espanja
94%
1949 Yhdistynyt kuningaskunta
94%
1999 Puola
93%
1949 Italia
91%
1949 Kanada
91%
1949 Portugali
91%
1949 Alankomaat
90%
1949 Belgia
89%
2004 Slovakia
89%
1949 Tanska
89%
1952 Turkki
89%
2004 Slovenia
88%
1999 Unkari
87%
1949 Islanti
86%
1952 Kreikka
86%
1999 Tšekki
84%
2004 Romania
82%
2004 Bulgaria
81%
2009 Kroatia
81%
1949 Luxemburg
78%
2009 Albania
74%
2017 Montenegro
66%
2020 Pohjois- Makedonia
65%
Ehtoja vastaavia visoja ei löytynyt
Tulosjakauma
Jokaisen tuloksen saaneiden osuus
Persentiili vastausten määrän mukaan
Tuloshistoriasi
Et ole pelannut tätä visaa sen viimeisimmän päivityksen jälkeen